| 000 | 00672nam a2200217Ia 4500 | ||
|---|---|---|---|
| 005 | 20260629163254.0 | ||
| 008 | 260629s9999||||xx |||||||||||||| ||und|| | ||
| 020 |
_a1443885487 _qhb |
||
| 020 |
_a9781443885485 _qhb |
||
| 082 |
_a809.9332 _bPER |
||
| 100 | _aPeraldo, Emmanuelle [ed.] | ||
| 245 | 0 | _aLiterature and geography : the writing of space throughout history | |
| 260 |
_aNewcastle upon Tyne _bCambridge Scholars Publishing _c2016 |
||
| 300 | _aix, 481p. ; 21cm. | ||
| 653 | _aGeocriticism | ||
| 653 | _aGeography in literature | ||
| 653 | _aHuman geography | ||
| 653 | _aLiterature—History and criticism | ||
| 653 | _aSpace in literature | ||
| 942 | _cBK | ||
| 999 |
_c57305 _d57305 |
||